MARC details
| 000 -LEADER |
| fixed length control field |
02413nam a2200505Ia 4500 |
| 001 - CONTROL NUMBER |
| control field |
sky223964189 |
| 003 - CONTROL NUMBER IDENTIFIER |
| control field |
SKY |
| 005 - DATE AND TIME OF LATEST TRANSACTION |
| control field |
20251205004256.0 |
| 008 - FIXED-LENGTH DATA ELEMENTS--GENERAL INFORMATION |
| fixed length control field |
140430s1999 nyu j 000 1 eng d |
| 020 ## - INTERNATIONAL STANDARD BOOK NUMBER |
| International Standard Book Number |
9780439099394 |
| 020 ## - INTERNATIONAL STANDARD BOOK NUMBER |
| International Standard Book Number |
0439099390 |
| 020 ## - INTERNATIONAL STANDARD BOOK NUMBER |
| International Standard Book Number |
9780439154550 |
| 020 ## - INTERNATIONAL STANDARD BOOK NUMBER |
| International Standard Book Number |
0439154553 |
| 040 ## - CATALOGING SOURCE |
| Language of cataloging |
eng |
| Modifying agency |
SKYRV |
| Transcribing agency |
NDC |
| 050 #4 - LIBRARY OF CONGRESS CALL NUMBER |
| Classification number |
PZ7.B934 |
| Item number |
Sec 1999 |
| 082 #4 - DEWEY DECIMAL CLASSIFICATION NUMBER |
| Classification number |
811 |
| 100 1# - MAIN ENTRY--PERSONAL NAME |
| Personal name |
Burnett, Frances Hodgson, |
| Dates associated with a name |
1849-1924. |
| Authority record control number |
https://id.loc.gov/authorities/names/n80009729. |
| 245 14 - TITLE STATEMENT |
| Title |
The secret garden / |
| Statement of responsibility, etc. |
Frances Hodgson Burnett ; with an introduction by Ann M. Martin. |
| 260 ## - PUBLICATION, DISTRIBUTION, ETC. (IMPRINT) |
| Place of publication, distribution, etc. |
New York : |
| Name of publisher, distributor, etc. |
Scholastic, Inc., |
| Date of publication, distribution, etc. |
1999. |
| 264 #1 - PRODUCTION, PUBLICATION, DISTRIBUTION, MANUFACTURE, AND COPYRIGHT NOTICE |
| Place of production, publication, distribution, manufacture |
New York : |
| Name of producer, publisher, distributor, manufacturer |
Scholastic, Inc., |
| Date of production, publication, distribution, manufacture, or copyright notice |
1999. |
| 300 ## - PHYSICAL DESCRIPTION |
| Extent |
298 pages ; |
| Dimensions |
18 cm. |
| 336 ## - CONTENT TYPE |
| Content type term |
text |
| Content type code |
txt |
| Source |
rdacontent. |
| 337 ## - MEDIA TYPE |
| Media type term |
unmediated |
| Media type code |
n |
| Source |
rdamedia. |
| 338 ## - CARRIER TYPE |
| Carrier type term |
volume |
| Carrier type code |
nc |
| Source |
rdacarrier. |
| 385 ## - AUDIENCE CHARACTERISTICS |
| Demographic group code |
age |
| Audience term |
Children |
| Source |
lcdgt. |
| 440 #0 - SERIES STATEMENT/ADDED ENTRY--TITLE |
| Title |
Scholastic classics. |
| Authority record control number |
(local)404182. |
| 490 1# - SERIES STATEMENT |
| Series statement |
Scholastic classics. (local)404182. |
| 500 ## - GENERAL NOTE |
| General note |
Included in Oprah's Book Club Kids Reading List. |
| 520 ## - SUMMARY, ETC. |
| Summary, etc. |
Ten-year-old Mary comes to live in a lonely house on the Yorkshire moors and discovers an invalid cousin and the mysteries of a locked garden. |
| 521 0# - TARGET AUDIENCE NOTE |
| Target audience note |
6.7 |
| Source |
Follett Library Resources. |
| 521 2# - TARGET AUDIENCE NOTE |
| Target audience note |
5-8. |
| 521 8# - TARGET AUDIENCE NOTE |
| Target audience note |
970 |
| Source |
Lexile. |
| 526 0# - STUDY PROGRAM INFORMATION NOTE |
| Program name |
Accelerated Reader AR |
| Interest level |
MG |
| Reading level |
6.3 |
| Title point value |
13.0 |
| Public note |
78. |
| 650 #0 - SUBJECT ADDED ENTRY--TOPICAL TERM |
| Topical term or geographic name as entry element |
Orphans |
| Form subdivision |
Juvenile fiction. |
| Authority record control number |
https://id.loc.gov/authorities/subjects/sh2008108726. |
| 650 #0 - SUBJECT ADDED ENTRY--TOPICAL TERM |
| Topical term or geographic name as entry element |
People with disabilities |
| Form subdivision |
Juvenile fiction. |
| Authority record control number |
https://id.loc.gov/authorities/subjects/sh2010105456. |
| 650 #0 - SUBJECT ADDED ENTRY--TOPICAL TERM |
| Topical term or geographic name as entry element |
Friendship |
| Form subdivision |
Juvenile fiction. |
| Authority record control number |
https://id.loc.gov/authorities/subjects/sh2008103472. |
| 650 #0 - SUBJECT ADDED ENTRY--TOPICAL TERM |
| Topical term or geographic name as entry element |
Interpersonal relations |
| Form subdivision |
Juvenile fiction. |
| Authority record control number |
https://id.loc.gov/authorities/subjects/sh2008104864. |
| 650 #0 - SUBJECT ADDED ENTRY--TOPICAL TERM |
| Topical term or geographic name as entry element |
Gardens |
| Authority record control number |
https://id.loc.gov/authorities/subjects/sh85053101 |
| Form subdivision |
Juvenile fiction. |
| Authority record control number |
https://id.loc.gov/authorities/subjects/sh99001687. |
| 651 #0 - SUBJECT ADDED ENTRY--GEOGRAPHIC NAME |
| Geographic name |
Yorkshire (England) |
| Authority record control number |
https://id.loc.gov/authorities/names/n81050764 |
| Form subdivision |
Juvenile fiction. |
| Authority record control number |
https://id.loc.gov/authorities/subjects/sh99001687. |
| 655 #7 - INDEX TERM--GENRE/FORM |
| Genre/form data or focus term |
Fiction. |
| Source of term |
lcgft |
| Authority record control number |
https://id.loc.gov/authorities/genreForms/gf2014026339. |
| 700 1# - ADDED ENTRY--PERSONAL NAME |
| Personal name |
Martin, Ann M., |
| Dates associated with a name |
1955- |
| Authority record control number |
https://id.loc.gov/authorities/names/n83163737. |
| 830 #0 - SERIES ADDED ENTRY--UNIFORM TITLE |
| Uniform title |
Scholastic classics. |
| Authority record control number |
https://id.loc.gov/authorities/names/n2002046322. |
| 907 ## - LOCAL DATA ELEMENT G, LDG (RLIN) |
| a |
.b463539655 |
| 942 ## - ADDED ENTRY ELEMENTS (KOHA) |
| Koha item type |
Libro/Book |